| 000 | 00410nam a22001217a 4500 | ||
|---|---|---|---|
| 082 | _a220 PRO | ||
| 100 |
_aNS Hafsa Tanveer NS Rida Maryam Ahmad _970690 |
||
| 245 | _aPR-SOF-1856- IOT based ECG Examining and Fall Detection System | ||
| 260 |
_aISLAMABAD _bNUST COLLEGE OF EME _c2019 |
||
| 650 |
_aDE-COMP-37 _970691 |
||
| 700 |
_aSUPERVISORS Asst. Prof Kamran Aziz Bhatti Dr. Urooj Fatima _970692 |
||
| 942 | _cCR | ||
| 999 |
_c577598 _d577598 |
||